Εισαγωγή στη θεωρία δικτύων
Αποθηκεύτηκε σε:
| Κύριος συγγραφέας: | |
|---|---|
| Μορφή: | Βιβλίο |
| Γλώσσα: | Greek |
| Δημοσίευση: |
Θεσσαλονίκη :
Ζήτη,
1995.
|
| Θέματα: | |
| Ετικέτες: |
Προσθήκη ετικέτας
Δεν υπάρχουν, Καταχωρήστε ετικέτα πρώτοι!
|
MARC
| LEADER | 00000cam a2200000 i 4500 | ||
|---|---|---|---|
| 001 | 1/39682 | ||
| 008 | 971020s1995 gr | ||| |||| ||gre|| | ||
| 020 | |a 9604313053 | ||
| 035 | |a 1997 |c ΓΡΑΜΜΑΤΕΙΑ |l 10041069 | ||
| 040 | |a GR-MyUA |b gre |e AACR2 | ||
| 041 | 0 | |a gre | |
| 082 | 0 | |a 511.324 | |
| 100 | 1 | |a Κάλφα, Κορνηλία. | |
| 245 | 1 | 0 | |a Εισαγωγή στη θεωρία δικτύων / |c Κορνηλίας Κάλφα. |
| 260 | |a Θεσσαλονίκη : |b Ζήτη, |c 1995. | ||
| 300 | |a 141 σ. : |b εικ. ; |c 24 εκ. | ||
| 500 | |a Περιέχει βιβλιογραφικές παραπομπές (σ.137) και ευρετήριο. | ||
| 650 | 0 | 0 | |a Algebra, Boolean. |
| 650 | 0 | 0 | |a Ideals (Algebra) |
| 650 | 0 | 0 | |a Logic circuits. |
| 650 | 0 | 0 | |a Lattice theory. |
| 852 | |a INST |b CHIOS |e 20080314 |h 511.324 ΚΑΛ |p 005200027676 |q 005200027676 |t BK |y 23 | ||
| 852 | |a INST |b SAMOS |e 19971020 |h 511.324 ΚΑΛ |p 005300008695 |q 005300008695 |t BK |y 23 | ||
| 852 | |a INST |b SAMOS |e 19971020 |h 511.324 ΚΑΛ |p 005300008696 |q 005300008696 |t BK |y 0 | ||
| 852 | |a INST |b SAMOS |e 19971020 |h 511.324 ΚΑΛ |p 005300008697 |q 005300008697 |t BK |y 0 | ||
| 852 | |a INST |b SAMOS |e 19971020 |h 511.324 ΚΑΛ |p 005300008698 |q 005300008698 |t BK |y 0 | ||
| 852 | |a INST |b SAMOS |e 19971020 |h 511.324 ΚΑΛ |p 005300008699 |q 005300008699 |t BK |y 0 | ||
| 852 | |a INST |b SAMOS |e 19980519 |h 511.324 ΚΑΛ |p 005300011475 |q 005300011475 |t BK |y 0 | ||
| 901 | |a BIBL2-2008-1 | ||
| 909 | |a Σ |b 050600 | ||
| 909 | |a Σ |b 050601 | ||
| 909 | |a Σ |b 050602 | ||
| 909 | |a Σ |b 050603 | ||
| 909 | |a Σ |b 050604 | ||
| 909 | |a Σ |b 055799 | ||
| 909 | |a X |b 146014 | ||
| 922 | |a 3ΕΛΗ |b 199805 |c ΚΠΣ |d EMVASIS | ||
| 922 | |a 2ΕΛΗ |b 200802 |c ΕΠΕΑΕΚ2/ΤΝΕΥ |d Σ. ΠΑΤΑΚΗΣ | ||